UCSC Library OPAC

DATABASE FROM RELATIONAL TO OBJECT-ORIENTED SYSTEMS (Record no. 26587)

MARC details
000 -LEADER
fixed length control field 00528nam a2200193Ia 4500
008 - FIXED-LENGTH DATA ELEMENTS--GENERAL INFORMATION
fixed length control field 240510s9999 xx 000 0 und d
020 ## - INTERNATIONAL STANDARD BOOK NUMBER
International Standard Book Number 0001850321248
041 ## - LANGUAGE CODE
Language code of text/sound track or separate title English
082 ## - DEWEY DECIMAL CLASSIFICATION NUMBER
Classification number 005.757
082 ## - DEWEY DECIMAL CLASSIFICATION NUMBER
Cutter number D17
100 ## - MAIN ENTRY--PERSONAL NAME
Personal name DELOBEL C.: LECLUSE C. : RICHARD P.:
245 #0 - TITLE STATEMENT
Title DATABASE FROM RELATIONAL TO OBJECT-ORIENTED SYSTEMS
260 ## - PUBLICATION, DISTRIBUTION, ETC.
Name of publisher, distributor, etc. LONDON : INTERNATIONAL
260 ## - PUBLICATION, DISTRIBUTION, ETC.
Date of publication, distribution, etc. 1995
300 ## - PHYSICAL DESCRIPTION
Extent (Pages) 382 p.
650 ## - SUBJECT ADDED ENTRY--TOPICAL TERM
Topical term or geographic name entry element DATABASE SYSTEMS : RELATIONAL DATABASE : OBJECT-ORIENTED DATABASE
942 ## - ADDED ENTRY ELEMENTS (KOHA)
Source of classification or shelving scheme Dewey Decimal Classification
942 ## - ADDED ENTRY ELEMENTS (KOHA)
Koha item type Refrence Book
945 ## - LOCAL PROCESSING INFORMATION (OCLC)
creator borrowernumber 1
creator name Madushi Gamage
modifier borrowernumber 1
modifier name Madushi Gamage
Holdings
Withdrawn status Lost status Source of classification or shelving scheme Damaged status Not for loan Collection code Home library Current library Shelving location Date acquired Cost, normal purchase price Inventory number Total Checkouts Full call number Barcode Date last seen Price effective from Koha item type
    Dewey Decimal Classification     Reference Collection UCSC Library UCSC Library Reference Section 27/06/2024 2517.00 5397   005.757 D17 A15397 27/06/2024 27/06/2024 Refrence Book